| 000 | 00893nas a2200289 4500 | ||
|---|---|---|---|
| 001 | BR0803902 | ||
| 003 | BR-BrBNA | ||
| 005 | 20231205112344.0 | ||
| 007 | ta | ||
| 008 | 230509b bl.|||p| |||| 00| 00por d | ||
| 040 |
_aBR-BrBNA _bpor _cBiblioteca Nacional de Agricultura |
||
| 041 | _a(Pt) | ||
| 072 | _aF30; H20 | ||
| 100 | 1 | _aSantos, R.M.F. | |
| 100 | 1 | _aLopes, U.V. | |
| 100 | 1 | _aBahia, R. de C. | |
| 100 | 1 | _aMachado, R.C.R. | |
| 100 | 1 | _aCorrêa, R.X. | |
| 245 | 1 | _aMarcadores microssatélites relacionados com a resistência à vassoura-de-bruxa do cacaueiro | |
| 650 | _aCACAU | ||
| 650 | _aVASSOURA-DE-BRUXA | ||
| 650 | _aMARCADOR GENETICO | ||
| 650 | _aVARIEDADE RESISTENTE | ||
| 773 | 0 |
_tPesquisa Agropecuária Brasileira (Brazil) _xISSN 0100-204X _g(Aug 2007), v. 42(8) p. 1137-1142 _wBR0803902 |
|
| 909 |
_a202311 _bLúcia _c55 _dLúcia Elande |
||
| 942 |
_2AGRIS _n0 _cANA |
||
| 999 |
_c197600 _d197600 |
||